Aller au contenu

Криминальная психология учебное пособие

Учебное пособие разработано по дисциплине «Криминальная психология». В данном пособии раскрываются теоретические и практические подходы к дисциплине. Включает в себя вопросы для самостоятельного изучения, рекомендуемую литературу для подготовки к занятиям, библиографический список, практические зада...

Description complète

Enregistré dans:
Détails bibliographiques
Format: Книга
Langue:Russian
Publié: Новокузнецк КГПИ КемГУ 2019
Accès en ligne:https://e.lanbook.com/book/169607
https://e.lanbook.com/img/cover/book/169607.jpg
Tags: Ajouter un tag
Pas de tags, Soyez le premier à ajouter un tag!
LEADER 01790nam0a2200253 i 4500
001 169607
003 RuSpLAN
005 20230307113652.0
008 230307s2019 ru gs 000 0 rus
020 |a 978-5-8353-2454-5 
040 |a RuSpLAN 
041 0 |a rus 
044 |a ru 
080 |a 159.97(075.8) 
084 |a 88.57я73  |2 rubbk 
245 0 0 |a Криминальная психология  |b учебное пособие 
260 |a Новокузнецк  |b КГПИ КемГУ  |c 2019 
300 |a 121 с. 
504 |a Библиогр.: доступна в карточке книги, на сайте ЭБС Лань 
520 8 |a Учебное пособие разработано по дисциплине «Криминальная психология». В данном пособии раскрываются теоретические и практические подходы к дисциплине. Включает в себя вопросы для самостоятельного изучения, рекомендуемую литературу для подготовки к занятиям, библиографический список, практические задания. Предназначено для студентов очной и очно-заочной форм обучения 4 курса специальности 37.05.02 «Психология служебной деятельности», а также для практических психологов. 
521 8 |a Книга из коллекции КГПИ КемГУ - Право. Юридические науки 
856 4 |u https://e.lanbook.com/book/169607 
856 4 8 |u https://e.lanbook.com/img/cover/book/169607.jpg 
953 |a https://e.lanbook.com/img/cover/book/169607.jpg 
Cannot write session to /tmp/vufind_sessions/sess_uvl1diuq480ngp48qjn189ivr5